Tiere erraten #1 - Statistiken

Allgemein
  • Dieses Quiz wurde 583 mal gespielt
  • Das Durchschnittsergebnis liegt bei 12 aus 20
Antwortstatistiken
Bildquiz Antwort % Korrekt
Großer Panda
100%
Braunkehl-Faultier
91%
Alpaka
90%
Amerikanischer Bison
87%
Neunbinden-Gürteltier
81%
Südafrikanisches Stachelschwein
79%
Fischertukan
73%
Großer Ameisenbär
72%
Thomson-Gazelle
62%
Madagaskar-Taggecko
56%
Walhai
56%
Nasenaffe
55%
Nacktnasenwombat
50%
Roter Piranha
50%
Tasmanischer Teufel / Beutelteufel
48%
Wachtel
42%
Okapi
40%
Papageitaucher
32%
Admiral
23%
Kuckuck
12%
Keine übereinstimmenden Quizze gefunden
Verteilung der Resultate
Anzahl Personen mit jedem Resultat
Perzentil nach korrekt beantworteten Fragen
Ihre Resultats-Entwicklung
Sie haben dieses Quiz noch nicht gespielt